Normal view MARC view

Entry Nombre de reunión

Number of records used in: 1

001 - NÚMERO DE CONTROL

  • campo de control: 12291

003 - IDENTIFICADOR DE NÚMERO DE CONTROL

  • campo de control: OSt

005 - FECHA Y HORA DE LA ÚLTIMA TRANSACCIÓN

  • campo de control: 20221005155526.0

008 - ELEMENTOS DE DATO DE LONGITUD-FIJA

  • campo de control de longitud fija: 221005|| aca||aabn | a|a d

040 ## - FUENTE DE CATALOGACIÓN

  • Centro catalogador/agencia de origen: OSt
  • Centro/agencia transcriptor: OSt

111 ## - ENCABEZAMIENTO--NOMBRE DE CONGRESO/REUNIÓN

  • Nombre de congreso/reunión o jurisdicción como elemento de entrada: CONFERENCIA IBEROAMERICANA DE MINISTROS RESPONSABLES DE SEGURIDAD SOCIAL SOBRE LA PROTECCION SOCIAL EN IBERO-AMERICA, FACTOR DE INCLUSION SOCIAL Y DESARROLLO ECONOMICO
  • Número del congreso/reunión o número de parte o sección:
  • Fecha del congreso o de la firma del tratado: (2003 :
  • Sede del congreso/Lugar de la reunión: Alicante)

670 ## - FUENTE DE DATOS ENCONTRADOS

  • Cita de la fuente: Work cat.: (OSt)12358: MESA-LAGO, Carmelo 12290, Panorama de los sistemas de pensiones de seguridad social en Iberoamérica :, 2003

Powered by Koha